| 000 | 00852nam a2200217Ia 4500 | ||
|---|---|---|---|
| 001 | 22464 | ||
| 005 | 20260422101934.0 | ||
| 008 | 260414t2017||||xx |||||||||||||| ||spa|| | ||
| 041 | _aESP | ||
| 082 |
_a621.3815 _bB78 2017 |
||
| 100 |
_aBoylestad, Robert L. _eAUT |
||
| 245 | 0 | _aIntroducción al análisis de circuito | |
| 260 | _c2017 | ||
| 300 |
_axiii, 958 páginas : _c28 cm. |
||
| 650 | _aTCA | ||
| 654 | _aCET | ||
| 856 |
_uhttps://itmsp.museknowledge.com/UCSP?url=https://www.ebooks7-24.com:443/?il=6927&pg=1 _zVersión digital |
||
| 856 |
_uhttps://0u213xh5q-y-https-ebooks7--24-com.itmsp.museknowledge.com/biblioteca.aspx _zVéase además: Base de datos Ebook7-24 |
||
| 856 |
_uhttps://0u206xh6x-y-https-ieeexplore-ieee-org.itmsp.museknowledge.com/Xplore/home.jsp _zVéase además: Base de datos IEEE Xplore |
||
| 942 |
_cLIB _dJUS _fJUS _2ddc |
||
| 999 |
_c22464 _d22464 |
||